00611nam a2200181Ia 4500008004100000020001500041041001200056082001100068100001700079245006400096250000800160260002500168300001000193650000800203942000700211999001500218952019600233221030s9999 xx 000 0 und d a0070601704 aEnglish a105.23 aT. Veerrajan 0aProbability, Statistics & Random Processescby T. Veerrajan a2nd bTMHaNew Delhic2009 a10.35 aECE cBK c8974d8974 pBE 10650g225.00i83l0o105.23 eDurga Books, Amritsarr2024-06-13 00:00:00w2022-10-30yBK003Print4071aMIETLIBbMIETLIBcBL-Academic Block B, FL-1, CUP-74, SH-2, R-2d2010-03-1110HBE